[Event "XX C.to Mondiale Seniores"]
[Site "Arco ITA"]
[Date "2010.11.03"]
[Round "8"]
[White "Bisignano, Giuseppe"]
[Black "Neumann, Horst"]
[WhiteElo "1897"]
[BlackElo "1974"]
[Result "1-0"]
[PlyCount "69"]
[EventDate "2010.10.26"]

1. e4 c6 2. d4 d5 3. Nc3 dxe4 4. Nxe4 Nd7 5. Nf3 Ngf6 6. Ng3 g6 7. Bc4 Nb6 8.
Bb3 Bg7 9. O-O Nbd5 10. Re1 Bg4 11. h3 Bxf3 12. Qxf3 O-O 13. c4 Nc7 14. Be3 Qd7
15. Rad1 b5 16. d5 cxd5 17. Bc5 Ne6 18. Bxe7 Qxe7 19. cxd5 Nxd5 20. Bxd5 Rad8
21. Qb3 Qf6 22. Bxe6 Rxd1 23. Rxd1 fxe6 24. Rd2 a6 25. Re2 Re8 26. a4 bxa4 27.
Qxa4 Rb8 28. Qxa6 Rxb2 29. Qc8+ Kf7 30. Ne4 Rb1+ 31. Kh2 Qe5+ 32. g3 Bf6 33.
Qd7+ Be7 34. Re3 Rb2 35. Rf3+ 1-0

[Event "XX C.to Mondiale Seniores"]
[Site "Arco ITA"]
[Date "2010.11.03"]
[Round "8"]
[White "Bjorgvik, Jan Arne"]
[Black "Fragni, Enrico"]
[WhiteElo "1913"]
[BlackElo "1756"]
[Result "1/2-1/2"]
[PlyCount "46"]
[EventDate "2010.10.26"]

1. e4 c6 2. d4 d6 3. Nf3 Bg4 4. Nc3 Nd7 5. Bc4 h6 6. O-O Bxf3 7. Qxf3 Ngf6 8.
Re1 e5 9. Be3 Be7 10. Bb3 O-O 11. Qf5 a5 12. a4 exd4 13. Bxd4 Qc7 14. Be3 Kh8
15. Rad1 Ne5 16. Bd4 Ned7 17. Qh3 Ne5 18. Re3 Qc8 19. f4 Ng6 20. Bxf6 Bxf6 21.
Qxc8 Raxc8 22. f5 Ne5 23. Rd2 Be7 1/2-1/2

[Event "XX C.to Mondiale Seniores"]
[Site "Arco ITA"]
[Date "2010.11.03"]
[Round "8"]
[White "Blaushtain, Boris"]
[Black "Diaz Franco, Francisco Jorge"]
[WhiteElo "2139"]
[BlackElo "1993"]
[Result "1-0"]
[PlyCount "52"]
[EventDate "2010.10.26"]

1. c4 Nf6 2. Nc3 d5 3. cxd5 Nxd5 4. g3 e6 5. Bg2 Be7 6. d4 Nxc3 7. bxc3 O-O 8.
e4 c5 9. Ne2 Nc6 10. O-O Rb8 11. Be3 c4 12. f4 b5 13. d5 exd5 14. exd5 Na5 15.
Bxa7 Bd7 16. Bxb8 Bc5+ 17. Nd4 Qxb8 18. Kh1 Nb7 19. Nc6 Qc8 20. a4 Bxc6 21.
dxc6 Nd6 22. Qd5 Qf5 23. Qxf5 Nxf5 24. axb5 Nd6 25. Rab1 Rb8 26. c7 Rb6 1-0

[Event "XX C.to Mondiale Seniores"]
[Site "Arco ITA"]
[Date "2010.11.03"]
[Round "8"]
[White "Bogdanov, Valentin"]
[Black "Zakharchenko, Arnold"]
[WhiteElo "2393"]
[BlackElo "2192"]
[Result "1/2-1/2"]
[PlyCount "66"]
[EventDate "2010.10.26"]

1. d4 Nf6 2. c4 g6 3. g3 c5 4. d5 e6 5. Nc3 exd5 6. Nxd5 Nxd5 7. Qxd5 Nc6 8.
Bg5 Be7 9. Bxe7 Qxe7 10. Bg2 d6 11. Qd2 Bf5 12. Nf3 O-O 13. O-O Rad8 14. Rac1
Be4 15. Rfd1 Rfe8 16. Qh6 Bxf3 17. Bxf3 Nd4 18. Kg2 Qf6 19. Qd2 Re5 20. Bg4 h5
21. f4 Re7 22. Bf3 Rde8 23. Re1 Re3 24. Kf2 Nxf3 25. exf3 Rxe1 26. Rxe1 Rxe1
27. Kxe1 Qe6+ 28. Kf2 Qxc4 29. Qxd6 Qc2+ 30. Ke3 Qxb2 31. Qxc5 Qxh2 32. Qc8+
Kh7 33. Qc4 Qxa2 1/2-1/2

[Event "XX C.to Mondiale Seniores"]
[Site "Arco ITA"]
[Date "2010.11.03"]
[Round "8"]
[White "Bondar, Leonid"]
[Black "Mesiarik, Rudolf"]
[WhiteElo "2035"]
[BlackElo "2173"]
[Result "0-1"]
[PlyCount "94"]
[EventDate "2010.10.26"]

1. e4 Nf6 2. e5 Nd5 3. c4 Nb6 4. d4 d6 5. exd6 cxd6 6. Nc3 g6 7. Be3 Bg7 8. Bd3
Nc6 9. Be2 d5 10. c5 Nc4 11. b4 Nxb4 12. Qb3 Na3 13. Rc1 Qa5 14. Nf3 Bf5 15.
O-O Bc2 16. Rxc2 Naxc2 17. Nxd5 Nxd5 18. Qxd5 Nxe3 19. fxe3 O-O 20. Bc4 Qc3 21.
Bb3 Qxe3+ 22. Kh1 Rab8 23. Re1 e6 24. Rxe3 exd5 25. Re7 Rfd8 26. Kg1 Bf6 27.
Rc7 a6 28. Kf2 Kg7 29. Ke3 b6 30. g4 h6 31. h4 bxc5 32. dxc5 Rbc8 33. Ra7 Rxc5
34. g5 hxg5 35. hxg5 Re8+ 36. Kf2 Bc3 37. Rxa6 Re7 38. Rd6 d4 39. Nxd4 Bxd4+
40. Rxd4 Rf5+ 41. Kg3 Rxg5+ 42. Kf4 Rf5+ 43. Kg4 Re1 44. Bd1 Rg1+ 45. Kh3 Rfg5
46. Kh2 R1g2+ 47. Kh3 Rxa2 0-1

[Event "XX C.to Mondiale Seniores"]
[Site "Arco ITA"]
[Date "2010.11.03"]
[Round "8"]
[White "Bondick, Karl-Heinz"]
[Black "Tavcar, Rado"]
[WhiteElo "2166"]
[BlackElo "2025"]
[Result "1-0"]
[PlyCount "55"]
[EventDate "2010.10.26"]

1. d4 d5 2. e4 dxe4 3. Nc3 Nf6 4. f3 exf3 5. Nxf3 Bg4 6. h3 Bxf3 7. Qxf3 c6 8.
Be3 e6 9. Bd3 Bb4 10. O-O Qc7 11. g4 O-O 12. Rf2 Bd6 13. Raf1 Bg3 14. Rg2 Bd6
15. g5 Nd5 16. Ne4 g6 17. Bd2 Ne7 18. Qg4 Nf5 19. Nf6+ Kg7 20. Bxf5 exf5 21.
Qh4 h5 22. gxh6+ Kh8 23. Nd5 Qd8 24. Bg5 Qa5 25. h7 Nd7 26. Nf6 Nb6 27. Ne8 Nd5
28. Bf6+ 1-0

[Event "XX C.to Mondiale Seniores"]
[Site "Arco ITA"]
[Date "2010.11.03"]
[Round "8"]
[White "Cebalo, Miso"]
[Black "Filipenko, Alexander V."]
[WhiteElo "2493"]
[BlackElo "2327"]
[Result "0-1"]
[PlyCount "58"]
[EventDate "2010.10.26"]

1. d4 d5 2. c4 c6 3. Nf3 Nf6 4. Nc3 e6 5. Bg5 h6 6. Bh4 dxc4 7. e4 g5 8. Bg3 b5
9. Be2 b4 10. Na4 Nxe4 11. Be5 Nf6 12. Bxc4 Nbd7 13. O-O g4 14. Nd2 Nxe5 15.
dxe5 Nd7 16. Re1 h5 17. Qc2 Bg7 18. Bb3 O-O 19. Nc4 Ba6 20. Rad1 Bxc4 21. Qxc4
Qc7 22. Qe4 Rfd8 23. Rc1 Nxe5 24. Nc5 Rd4 25. Qe3 Qe7 26. f4 gxf3 27. Qxd4 Ng4
28. Qxb4 Qh4 29. h3 Qf2+ 0-1

[Event "XX C.to Mondiale Seniores"]
[Site "Arco ITA"]
[Date "2010.11.03"]
[Round "8"]
[White "Cesati Cassin, Giorgio"]
[Black "Zanin, Umberto"]
[WhiteElo "1598"]
[BlackElo "1623"]
[Result "1/2-1/2"]
[PlyCount "58"]
[EventDate "2010.10.26"]

1. e4 c5 2. Nc3 a6 3. g3 Nc6 4. Bg2 g6 5. Nge2 Bg7 6. O-O d6 7. d3 Nf6 8. Bd2
O-O 9. Qc1 Nd7 10. Bh6 Nde5 11. Bxg7 Kxg7 12. h3 h6 13. Qd2 b5 14. f4 Nd7 15.
a3 Bb7 16. Rae1 Rb8 17. d4 e6 18. d5 Na5 19. b3 e5 20. g4 exf4 21. Nxf4 Ne5 22.
Nd3 f6 23. Nxe5 fxe5 24. Rxf8 Qxf8 25. Rf1 Qd8 26. Qf2 Qe7 27. Ne2 Rf8 28. Qe1
Rxf1+ 29. Qxf1 Bc8 1/2-1/2

[Event "XX C.to Mondiale Seniores"]
[Site "Arco ITA"]
[Date "2010.11.03"]
[Round "8"]
[White "Chernikov, Oleg L."]
[Black "Wahlbom, Magnus"]
[WhiteElo "2425"]
[BlackElo "2282"]
[Result "1/2-1/2"]
[PlyCount "50"]
[EventDate "2010.10.26"]

1. Nf3 Nf6 2. c4 e6 3. d4 c5 4. d5 exd5 5. cxd5 d6 6. Nc3 g6 7. e4 Bg7 8. Be2
O-O 9. O-O Re8 10. Nd2 a6 11. a4 Nbd7 12. Qc2 Ne5 13. h3 g5 14. f4 gxf4 15.
Rxf4 Qe7 16. Rf1 b6 17. Nf3 Nxf3+ 18. Bxf3 Qe5 19. Qf2 Nd7 20. Bg4 Qd4 21. Bxd7
Bxd7 22. Be3 Qxe3 23. Qxe3 Bd4 24. Rae1 b5 25. Rf2 b4 1/2-1/2

[Event "XX C.to Mondiale Seniores"]
[Site "Arco ITA"]
[Date "2010.11.03"]
[Round "8"]
[White "Davydov, Mihail"]
[Black "De Nisi, Giuseppe"]
[WhiteElo "2032"]
[BlackElo "1816"]
[Result "1-0"]
[PlyCount "91"]
[EventDate "2010.10.26"]

1. e4 e6 2. d4 d5 3. Nd2 Nf6 4. e5 Nfd7 5. Bd3 c5 6. c3 Nc6 7. Ne2 Qb6 8. Nf3
cxd4 9. cxd4 Bb4+ 10. Bd2 Bxd2+ 11. Qxd2 f6 12. exf6 Nxf6 13. O-O O-O 14. Rfe1
Qc7 15. Rac1 Ng4 16. Ng3 Qf4 17. Qxf4 Rxf4 18. h3 Nh6 19. Nh5 Rf8 20. Ng3 Bd7
21. Bb5 Rac8 22. Bxc6 bxc6 23. Ne5 Be8 24. Rc5 Nf7 25. Nxf7 Kxf7 26. Ra5 Rc7
27. Re3 Bd7 28. Rf3+ Ke7 29. Rxf8 Kxf8 30. f4 Ke7 31. Kf2 g6 32. Ne2 Kf6 33.
Nc1 h5 34. g3 g5 35. Nd3 Be8 36. Kf3 Bg6 37. Ne5 Be4+ 38. Ke3 gxf4+ 39. Kxf4
Bg2 40. h4 Bf1 41. b3 Be2 42. Rc5 Rb7 43. Nxc6 Bb5 44. Ne5 Be2 45. a3 Rxb3 46.
Rc7 1-0

[Event "XX C.to Mondiale Seniores"]
[Site "Arco ITA"]
[Date "2010.11.03"]
[Round "8"]
[White "De Polzer, Manfredi"]
[Black "Thonig, Manfred"]
[WhiteElo "1809"]
[BlackElo "1607"]
[Result "1-0"]
[PlyCount "113"]
[EventDate "2010.10.26"]

1. e4 c5 2. Nf3 Nc6 3. d4 cxd4 4. Nxd4 Nxd4 5. Qxd4 e5 6. Qxe5+ Ne7 7. Bc4 f6
8. Qc3 Nc6 9. O-O Bb4 10. Qg3 Qe7 11. Bf4 Ne5 12. Bd5 d6 13. a4 Be6 14. Qb3
Bxd5 15. Qxd5 Rc8 16. Bxe5 dxe5 17. Qb5+ Rc6 18. c3 Bc5 19. b4 a6 20. Qe2 Bd6
21. b5 Rb6 22. Qc4 Kd7 23. Nd2 Rc8 24. Qd3 Ke8 25. Nc4 Bc5 26. Nxb6 Bxb6 27.
bxa6 bxa6 28. Qxa6 Qc7 29. Qb5+ Kf8 30. Qd5 Rd8 31. Qb5 Rb8 32. Qd3 Rd8 33. Qf3
Qc4 34. Rfd1 Rc8 35. Qd3 Qxd3 36. Rxd3 Ba5 37. Rc1 Bb4 38. f3 Bc5+ 39. Kf1 Rb8
40. Ke2 Rb2+ 41. Rd2 Rb3 42. Ra2 Ke7 43. Kd3 Kd6 44. Kc4 Rb7 45. Rd1+ Kc6 46.
Rd5 Ba7 47. Rb5 Rc7 48. Rd2 Bb6 49. Rdd5 g6 50. Kb4 h5 51. c4 Bf2 52. a5 g5 53.
c5 Ra7 54. Rb6+ Kc7 55. Kb5 Be1 56. a6 Bf2 57. Rc6+ 1-0

[Event "XX C.to Mondiale Seniores"]
[Site "Arco ITA"]
[Date "2010.11.03"]
[Round "8"]
[White "Dydyshko, Viacheslav"]
[Black "Vaisser, Anatoly V."]
[WhiteElo "2547"]
[BlackElo "2507"]
[Result "1/2-1/2"]
[PlyCount "60"]
[EventDate "2010.10.26"]

1. d4 Nf6 2. c4 c5 3. d5 b5 4. cxb5 a6 5. bxa6 g6 6. Nc3 Bxa6 7. Nf3 d6 8. e4
Bxf1 9. Kxf1 Nbd7 10. h3 Bg7 11. Kg1 O-O 12. Kh2 Qa5 13. Re1 Nb6 14. Qc2 Nfd7
15. Re2 Rfb8 16. Qd3 Qa6 17. Qc2 Nc4 18. Rb1 Rb7 19. b3 Na3 20. Bxa3 Qxa3 21.
Na4 Qb4 22. Nd2 Bh6 23. Rd1 Bxd2 24. Qxd2 Qxd2 25. Rdxd2 c4 26. Rb2 Ne5 27.
bxc4 Rxb2 28. Nxb2 Rxa2 29. Rd2 Nd7 30. f3 Nc5 1/2-1/2

[Event "XX C.to Mondiale Seniores"]
[Site "Arco ITA"]
[Date "2010.11.03"]
[Round "8"]
[White "Eperjesi, Laszlo"]
[Black "Busu, Corneliu"]
[WhiteElo "2194"]
[BlackElo "2305"]
[Result "1/2-1/2"]
[PlyCount "22"]
[EventDate "2010.10.26"]

1. d4 Nf6 2. c4 e6 3. Nf3 b6 4. g3 Ba6 5. b3 d5 6. Bg2 Bb4+ 7. Bd2 Bxd2+ 8.
Nbxd2 Nbd7 9. O-O O-O 10. Qc2 c5 11. dxc5 bxc5 1/2-1/2

[Event "XX C.to Mondiale Seniores"]
[Site "Arco ITA"]
[Date "2010.11.03"]
[Round "8"]
[White "Finnlaugsson, Gunnar"]
[Black "Ashby, Anthony C."]
[WhiteElo "2072"]
[BlackElo "2149"]
[Result "1/2-1/2"]
[PlyCount "37"]
[EventDate "2010.10.26"]

1. e4 e6 2. d4 d5 3. Nc3 Nf6 4. Bd3 c5 5. Nf3 cxd4 6. Nxd4 e5 7. Nb3 d4 8. Ne2
Nc6 9. h3 Bd6 10. O-O O-O 11. a3 Be6 12. Nd2 Nd7 13. f4 exf4 14. Nxf4 Qc7 15.
Nd5 Qd8 16. Nf3 Nde5 17. Nxe5 Nxe5 18. Nf4 Bd7 19. Qe2 1/2-1/2

[Event "XX C.to Mondiale Seniores"]
[Site "Arco ITA"]
[Date "2010.11.03"]
[Round "8"]
[White "Galas, Franco"]
[Black "Spano' Cuomo, Gaetano"]
[WhiteElo "1794"]
[BlackElo "1806"]
[Result "0-1"]
[PlyCount "62"]
[EventDate "2010.10.26"]

1. d4 f5 2. Nf3 Nf6 3. e3 e6 4. c3 b6 5. g3 Bb7 6. Bg2 Bxf3 7. Bxf3 d5 8. Nd2
Nbd7 9. Bg2 Bd6 10. Nf3 Ne4 11. O-O h5 12. h4 g5 13. Nxg5 Nxg5 14. hxg5 Qxg5
15. e4 f4 16. e5 Be7 17. Bxf4 Qg7 18. c4 c6 19. cxd5 cxd5 20. Rc1 h4 21. Qd3
Bg5 22. Bxg5 Qxg5 23. Qe3 Qg7 24. Rc7 hxg3 25. Qxg3 Qh7 26. Rfc1 Qh6 27. R1c2
Ke7 28. f4 Rag8 29. Qe3 Qh1+ 30. Kf2 Rxg2+ 31. Kf3 Rh3# 0-1

[Event "XX C.to Mondiale Seniores"]
[Site "Arco ITA"]
[Date "2010.11.03"]
[Round "8"]
[White "Garcia, Raimundo"]
[Black "Simon Padros, Emili"]
[WhiteElo "2331"]
[BlackElo "2241"]
[Result "1/2-1/2"]
[PlyCount "67"]
[EventDate "2010.10.26"]

1. Nf3 e6 2. g3 f5 3. Bg2 Nf6 4. O-O d5 5. d3 Be7 6. Nbd2 O-O 7. c4 c5 8. d4
cxd4 9. cxd5 Nxd5 10. Nb3 d3 11. Qxd3 Nc6 12. Nbd4 Qb6 13. Qc4 Bf6 14. Nb3 Bd7
15. e4 fxe4 16. Qxe4 a5 17. Bh3 Rae8 18. Ng5 Bxg5 19. Bxg5 a4 20. Nd2 Qxb2 21.
Rab1 Qxa2 22. Rxb7 Bc8 23. Rbb1 Qa3 24. Ra1 Qb4 25. Rxa4 Qxe4 26. Nxe4 Nb6 27.
Raa1 e5 28. Bg2 Nd4 29. Rfb1 Nc4 30. Bf1 Be6 31. Ra7 Rb8 32. Rbb7 Rxb7 33. Rxb7
Nf3+ 34. Kg2 1/2-1/2

[Event "XX C.to Mondiale Seniores"]
[Site "Arco ITA"]
[Date "2010.11.03"]
[Round "8"]
[White "Grinberg, Iosif P."]
[Black "Van Riemsdijk, Herman C."]
[WhiteElo "2217"]
[BlackElo "2390"]
[Result "1/2-1/2"]
[PlyCount "55"]
[EventDate "2010.10.26"]

1. e4 e5 2. Nf3 Nc6 3. Bb5 a6 4. Ba4 Nf6 5. O-O Be7 6. Re1 b5 7. Bb3 d6 8. c3
O-O 9. h3 Na5 10. Bc2 c5 11. d4 Qc7 12. d5 c4 13. Nbd2 Nb7 14. Nf1 a5 15. Ng3
Nc5 16. Nh2 b4 17. f4 bxc3 18. bxc3 exf4 19. Bxf4 Re8 20. Nf3 Bd7 21. Nd4 Rac8
22. Qf3 Nd3 23. Rf1 Nxf4 24. Qxf4 Bd8 25. Rae1 Rb8 26. Rb1 Rxb1 27. Bxb1 g6 28.
Bc2 1/2-1/2

[Event "XX C.to Mondiale Seniores"]
[Site "Arco ITA"]
[Date "2010.11.03"]
[Round "8"]
[White "Haupt, Joachim"]
[Black "Pitkanen, Juhani"]
[WhiteElo "1873"]
[BlackElo "1731"]
[Result "1-0"]
[PlyCount "71"]
[EventDate "2010.10.26"]

1. e4 c5 2. c3 g6 3. d4 cxd4 4. cxd4 d5 5. e5 Nc6 6. Nf3 Nh6 7. h3 Bg7 8. Be2
O-O 9. Nc3 Nf5 10. g4 Nh6 11. Bf4 Kh8 12. Qb3 e6 13. Nb5 Qb6 14. Qa3 a6 15. Be3
Bd7 16. Nd6 Qb4+ 17. Qc3 Qxc3+ 18. bxc3 Nd8 19. a4 Ng8 20. Kd2 f6 21. exf6 Bxf6
22. Ne5 Bxe5 23. dxe5 Bc6 24. c4 dxc4 25. Rhc1 b5 26. axb5 axb5 27. Rxa8 Bxa8
28. Nxb5 Bd5 29. Bxc4 Ne7 30. Nd6 Kg7 31. Bb5 Ndc6 32. f4 Rb8 33. Bc5 Ra8 34.
Nc4 Re8 35. Ne3 Be4 36. Bxe7 1-0

[Event "XX C.to Mondiale Seniores"]
[Site "Arco ITA"]
[Date "2010.11.03"]
[Round "8"]
[White "Hohler, Peter"]
[Black "Gardi, Giuseppe"]
[WhiteElo "2193"]
[BlackElo "2032"]
[Result "1/2-1/2"]
[PlyCount "42"]
[EventDate "2010.10.26"]

1. d4 g6 2. e4 Bg7 3. Nf3 d6 4. Nc3 c6 5. Be2 Nd7 6. O-O Qc7 7. Be3 Ngf6 8. h3
O-O 9. a4 a5 10. Qd2 e5 11. dxe5 dxe5 12. Rad1 Re8 13. Bc4 Nf8 14. Ng5 Be6 15.
Nxe6 Nxe6 16. Bxe6 Rxe6 17. b3 Bf8 18. Qd3 Bb4 19. Na2 Bf8 20. Nc3 Bb4 21. Na2
Bf8 1/2-1/2

[Event "XX C.to Mondiale Seniores"]
[Site "Arco ITA"]
[Date "2010.11.03"]
[Round "8"]
[White "Jacobsen, Bo"]
[Black "Karl, Hans"]
[WhiteElo "2317"]
[BlackElo "2211"]
[Result "1-0"]
[PlyCount "91"]
[EventDate "2010.10.26"]

1. c4 e5 2. g3 Nf6 3. Bg2 d6 4. Nf3 c6 5. Nc3 Be7 6. O-O O-O 7. d4 Qc7 8. e4
Bg4 9. h3 Bxf3 10. Bxf3 Nbd7 11. Be3 a6 12. Qc2 b5 13. cxb5 cxb5 14. Rac1 Rfc8
15. Qb3 Qb7 16. Bg2 Nb6 17. a4 Nc4 18. Bg5 Rab8 19. axb5 axb5 20. Rfd1 b4 21.
Ne2 Qb5 22. dxe5 Na5 23. Qe3 dxe5 24. Bxf6 Bxf6 25. Rxc8+ Rxc8 26. Rd5 Qa6 27.
Bf1 Nc4 28. Qb3 Qb6 29. h4 h6 30. Bh3 Rc7 31. h5 Na5 32. Qa4 Nc6 33. Bf5 Ra7
34. Qd1 Nd4 35. Nxd4 exd4 36. e5 Be7 37. b3 g6 38. hxg6 fxg6 39. Be4 Kg7 40.
Rxd4 Qe6 41. Rd5 Ra2 42. Kg2 h5 43. Qd4 Kh7 44. Rb5 Ra6 45. Bd5 Qf5 46. Rb7 1-0

[Event "XX C.to Mondiale Seniores"]
[Site "Arco ITA"]
[Date "2010.11.03"]
[Round "8"]
[White "Jadrijevic, Ante"]
[Black "Acers, Jude"]
[WhiteElo "2242"]
[BlackElo "2231"]
[Result "0-1"]
[PlyCount "55"]
[EventDate "2010.10.26"]

1. d4 d5 2. Nf3 Bg4 3. Bf4 Bxf3 4. gxf3 e6 5. e3 Bd6 6. Bg3 f5 7. Bxd6 Qxd6 8.
c4 Nf6 9. Nc3 O-O 10. Be2 Nc6 11. O-O Kh8 12. Kh1 g5 13. Rg1 Rg8 14. a3 h5 15.
b4 Rg7 16. h4 g4 17. f4 dxc4 18. Bxc4 Nxb4 19. Kh2 g3+ 20. Rxg3 Ng4+ 21. Kg1
Nd5 22. Nxd5 exd5 23. Bd3 Qf6 24. Kf1 Qxh4 25. Rxg4 fxg4 26. Ke2 g3 27. fxg3
Qh2+ 28. Ke1 0-1

[Event "XX C.to Mondiale Seniores"]
[Site "Arco ITA"]
[Date "2010.11.03"]
[Round "8"]
[White "Jansa, Vlastimil"]
[Black "Butnorius, Algimantas"]
[WhiteElo "2499"]
[BlackElo "2439"]
[Result "1-0"]
[PlyCount "81"]
[EventDate "2010.10.26"]

1. e4 e5 2. Nf3 Nc6 3. Bb5 a6 4. Ba4 Nf6 5. O-O Be7 6. Re1 b5 7. Bb3 d6 8. c3
O-O 9. h3 Nb8 10. d4 Nbd7 11. Nbd2 Bb7 12. Bc2 Re8 13. a4 c5 14. d5 c4 15. b3
cxb3 16. Nxb3 Qc7 17. Bd3 Qxc3 18. Be3 Rec8 19. Rc1 Qb4 20. Rb1 Qc3 21. Rc1 Qb4
22. Rb1 Qc3 23. axb5 axb5 24. Bxb5 Qc7 25. Nfd2 Qd8 26. Qe2 Nf8 27. Nc4 Ng6 28.
Bb6 Qf8 29. Nba5 Nxd5 30. exd5 Bxd5 31. Ne3 Be4 32. Rbc1 Nf4 33. Qd2 d5 34. Nc6
Rxc6 35. Bxc6 Bb4 36. Qd1 Bxe1 37. Bxa8 Bxf2+ 38. Kxf2 Nd3+ 39. Kg1 Qxa8 40.
Qa4 Qb8 41. Rc7 1-0

[Event "XX C.to Mondiale Seniores"]
[Site "Arco ITA"]
[Date "2010.11.03"]
[Round "8"]
[White "Jenkins, Tom Ivar"]
[Black "Ovesen, Karsten"]
[WhiteElo "1975"]
[BlackElo "1879"]
[Result "1/2-1/2"]
[PlyCount "44"]
[EventDate "2010.10.26"]

1. e4 c6 2. d4 d5 3. exd5 cxd5 4. Bd3 Nf6 5. c3 e6 6. Bg5 Nbd7 7. Nd2 a6 8. Ne2
Bd6 9. O-O Qc7 10. Ng3 h6 11. Be3 b5 12. f4 O-O 13. h3 Bb7 14. Rc1 Nb6 15. Bc2
Nc4 16. Nxc4 dxc4 17. Nh5 Nxh5 18. Qxh5 f5 19. Rce1 Rf6 20. Bd2 Qf7 21. Qxf7+
Kxf7 22. b3 Bd5 1/2-1/2

[Event "XX C.to Mondiale Seniores"]
[Site "Arco ITA"]
[Date "2010.11.03"]
[Round "8"]
[White "Jones, Brian"]
[Black "Baeta, Marcio Netto"]
[WhiteElo "2079"]
[BlackElo "2221"]
[Result "0-1"]
[PlyCount "68"]
[EventDate "2010.10.26"]

1. d4 Nf6 2. c4 c5 3. d5 b5 4. a4 b4 5. Nd2 g6 6. e4 d6 7. Bd3 e5 8. dxe6 Bxe6
9. f4 Nc6 10. Ngf3 Bh6 11. Nb3 Bg4 12. h3 Bxf3 13. Qxf3 O-O 14. O-O Rc8 15. Be3
Re8 16. Rae1 Bf8 17. Bf2 Nd7 18. h4 Bg7 19. Re2 Nb6 20. Ra1 Nd4 21. Nxd4 cxd4
22. b3 Nd7 23. Rb1 Nc5 24. Be1 a5 25. Bg3 Rc7 26. h5 gxh5 27. e5 Rce7 28. Bxh7+
Kxh7 29. Qxh5+ Kg8 30. Bh4 dxe5 31. fxe5 d3 32. Rf2 Qd4 33. Kh1 Ne4 34. Rf5 Qd7
0-1

[Event "XX C.to Mondiale Seniores"]
[Site "Arco ITA"]
[Date "2010.11.03"]
[Round "8"]
[White "Keze, Arnis"]
[Black "Neri, Angelo"]
[WhiteElo "1754"]
[BlackElo "1900"]
[Result "1-0"]
[PlyCount "103"]
[EventDate "2010.10.26"]

1. d4 d5 2. c4 c6 3. Nf3 Nf6 4. cxd5 cxd5 5. Nc3 e6 6. Bf4 Nc6 7. e3 a6 8. Bd3
Be7 9. O-O O-O 10. Rc1 Bd7 11. Bb1 Rc8 12. a3 Re8 13. Qd3 Bf8 14. Bg5 g6 15.
Ne5 Bg7 16. f4 Ne7 17. g4 Bb5 18. Nxb5 Rxc1 19. Rxc1 axb5 20. Qxb5 Ne4 21. Bxe4
dxe4 22. Bh4 f6 23. Nc4 Nd5 24. Qxb7 Qc8 25. Qxc8 Rxc8 26. Rc2 Kf8 27. Kf1 Ke7
28. Ke2 Kd7 29. Kd1 h6 30. Bf2 g5 31. fxg5 hxg5 32. Nd2 Rh8 33. Nxe4 Rxh2 34.
Ke2 f5 35. gxf5 exf5 36. Nxg5 f4 37. Nf3 Rg2 38. e4 Ne3 39. Rd2 Nc4 40. e5 Nxd2
41. Nxd2 Bh6 42. Kf3 Rg8 43. d5 Rc8 44. Bd4 Rc2 45. Bc3 Bg7 46. Ne4 Rh2 47. e6+
Ke8 48. Bxg7 Rh3+ 49. Kxf4 Rb3 50. d6 Rb8 51. Nf6+ Kd8 52. e7+ 1-0

[Event "XX C.to Mondiale Seniores"]
[Site "Arco ITA"]
[Date "2010.11.03"]
[Round "8"]
[White "Kleszczewski, Nicholas"]
[Black "Elfert, Aleksandr V."]
[WhiteElo "2145"]
[BlackElo "2022"]
[Result "0-1"]
[PlyCount "58"]
[EventDate "2010.10.26"]

1. e4 c5 2. c3 d6 3. d4 Nf6 4. Bd3 cxd4 5. cxd4 Nc6 6. Nf3 Qb6 7. d5 Nb4 8. O-O
Nxd3 9. Qxd3 g6 10. Nc3 Bg7 11. Be3 Qa6 12. Qxa6 bxa6 13. Bd4 O-O 14. h3 Bd7
15. Rfe1 Rfb8 16. b3 Rb4 17. e5 Ne8 18. e6 fxe6 19. dxe6 Bc6 20. Bxg7 Nxg7 21.
Rad1 Rf8 22. Nd4 Ba8 23. a3 Rbb8 24. b4 Rbc8 25. Re3 Rf4 26. Nce2 Rf6 27. Nc3
h5 28. h4 Rc4 29. g3 Rf8 0-1

[Event "XX C.to Mondiale Seniores"]
[Site "Arco ITA"]
[Date "2010.11.03"]
[Round "8"]
[White "Klundt, Klaus"]
[Black "Gutkin, Boris"]
[WhiteElo "2355"]
[BlackElo "2275"]
[Result "0-1"]
[PlyCount "66"]
[EventDate "2010.10.26"]

1. e4 c5 2. Nf3 d6 3. d4 cxd4 4. Nxd4 Nf6 5. Nc3 a6 6. Be3 e6 7. Be2 Qc7 8. a4
b6 9. f4 Bb7 10. Bf3 Nbd7 11. Qe2 e5 12. Nb3 Be7 13. O-O-O O-O 14. g4 exf4 15.
Bxf4 Ne5 16. g5 Nfd7 17. Bg4 Nxg4 18. Qxg4 Rfc8 19. Rd2 Bf8 20. Rhd1 b5 21.
Bxd6 Bxd6 22. Rxd6 Ne5 23. Qf5 bxa4 24. Rd7 Bxe4 25. Rxc7 Bxf5 26. Rxc8+ Rxc8
27. Nc5 h6 28. Rd5 Re8 29. gxh6 g6 30. N3xa4 Nc4 31. Nc3 a5 32. Nd3 Kh7 33.
Rxa5 Nxa5 0-1

[Event "XX C.to Mondiale Seniores"]
[Site "Arco ITA"]
[Date "2010.11.03"]
[Round "8"]
[White "Korenevski, Oleg"]
[Black "Cao, Jorge"]
[WhiteElo "1930"]
[BlackElo "2144"]
[Result "1/2-1/2"]
[PlyCount "37"]
[EventDate "2010.10.26"]

1. d4 Nf6 2. Nf3 g6 3. c4 c5 4. Nc3 Bg7 5. g3 O-O 6. Bg2 cxd4 7. Nxd4 Nc6 8.
O-O a6 9. b3 Qc7 10. Bb2 d6 11. Rc1 e6 12. Qd2 Bd7 13. Rfd1 Rfd8 14. Ne4 Nxe4
15. Bxe4 Nxd4 16. Bxd4 Bc6 17. Bxc6 bxc6 18. Bxg7 Kxg7 19. Qc3+ 1/2-1/2

[Event "XX C.to Mondiale Seniores"]
[Site "Arco ITA"]
[Date "2010.11.03"]
[Round "8"]
[White "Kunz, Konstantin"]
[Black "Schweiger, Georg"]
[WhiteElo "2273"]
[BlackElo "2166"]
[Result "1-0"]
[PlyCount "113"]
[EventDate "2010.10.26"]

1. d4 d5 2. c4 c6 3. cxd5 cxd5 4. Bf4 Nc6 5. e3 Nf6 6. Nc3 a6 7. Rc1 e6 8. Bd3
Be7 9. h3 O-O 10. Nf3 g6 11. O-O Nh5 12. Bh2 Bd6 13. Bxd6 Qxd6 14. Qd2 Rd8 15.
Rfd1 f6 16. Be2 b5 17. Nh2 Bd7 18. Bf3 Be8 19. Qe2 Rac8 20. b3 Bf7 21. Ng4 Qf8
22. Qd2 f5 23. Ne5 Be8 24. Nxc6 Rxc6 25. Bxh5 gxh5 26. Ne2 Rdc8 27. Nf4 Qa3 28.
Rxc6 Rxc6 29. Nd3 Qe7 30. Rc1 Qc7 31. Rxc6 Qxc6 32. Qc1 Qxc1+ 33. Nxc1 b4 34.
Nd3 a5 35. Nc5 Kf7 36. Kf1 Bb5+ 37. Ke1 Ke7 38. Nb7 Kd7 39. h4 Kc7 40. Nc5 Kd6
41. Kd2 Bf1 42. g3 Bb5 43. Kc2 e5 44. Kb2 e4 45. a3 Bf1 46. Nb7+ Kc7 47. Nxa5
Kb6 48. axb4 Ba6 49. Kc3 Bc8 50. Nc4+ dxc4 51. bxc4 Kc6 52. d5+ Kb6 53. Kd4 Bd7
54. c5+ Kb5 55. c6 Be8 56. Ke5 Kc4 57. Ke6 1-0

[Event "XX C.to Mondiale Seniores"]
[Site "Arco ITA"]
[Date "2010.11.03"]
[Round "8"]
[White "Micheli, Carlo"]
[Black "Sawadkuhi, Massoud Amir"]
[WhiteElo "2263"]
[BlackElo "2154"]
[Result "1/2-1/2"]
[PlyCount "92"]
[EventDate "2010.10.26"]

1. e4 e6 2. d4 d5 3. e5 c5 4. c3 Qb6 5. Nf3 Bd7 6. a3 Bb5 7. c4 Bxc4 8. Bxc4
dxc4 9. d5 exd5 10. Qxd5 Ne7 11. Qxc4 Qa6 12. Nbd2 Nf5 13. g4 Nh6 14. h3 Ng8
15. b3 Qxc4 16. Nxc4 h5 17. Rg1 hxg4 18. hxg4 Nc6 19. Bb2 b5 20. Ne3 Nge7 21.
O-O-O Ng6 22. Rge1 Nf4 23. Nd5 Ne6 24. Ng5 Rc8 25. Ne4 Ncd4 26. Bxd4 cxd4+ 27.
Kb2 Rh4 28. Rh1 Rxh1 29. Rxh1 a5 30. Rh8 Rd8 31. Nd6+ Kd7 32. Nxf7 Re8 33. Nd6
Bxd6 34. Rxe8 Bxa3+ 35. Kxa3 Kxe8 36. f4 Kd7 37. f5 Ng5 38. Nf4 Ne4 39. Nd3 Kc6
40. Kb2 Kd5 41. e6 Kd6 42. Kc2 g6 43. Nf4 gxf5 44. gxf5 Nf6 45. Kd3 a4 46. Ne2
axb3 1/2-1/2

[Event "XX C.to Mondiale Seniores"]
[Site "Arco ITA"]
[Date "2010.11.03"]
[Round "8"]
[White "Mombelli, Antonio"]
[Black "De Laubadere, Philippe"]
[WhiteElo "1828"]
[BlackElo "1967"]
[Result "1-0"]
[PlyCount "47"]
[EventDate "2010.10.26"]

1. e4 d6 2. d4 Nf6 3. Nc3 g6 4. Be3 c6 5. Qd2 b5 6. Bd3 Nbd7 7. Nf3 Qc7 8. h3
b4 9. Ne2 c5 10. c3 Rb8 11. O-O Bg7 12. Rac1 Qa5 13. e5 Nd5 14. e6 fxe6 15. Ng5
N7f6 16. Nf4 Nxe3 17. fxe3 O-O 18. Ngxe6 Re8 19. Nxg7 Kxg7 20. Bb1 e5 21. dxe5
dxe5 22. Nd5 Ng8 23. cxb4 cxb4 24. Rc7+ 1-0